| 000 | 00346pab a2200145 454500 | ||
|---|---|---|---|
| 008 | 180718b1996 xxu||||| |||| 00| 0 eng d | ||
| 100 | _aChopra, Sanjeev | ||
| 245 | _aSmall group approach to rural development | ||
| 260 | _c1996 | ||
| 300 | _ap.49-54 | ||
| 362 | _aDec | ||
| 650 | _aRural development | ||
| 773 | _aKurukshetra | ||
| 909 | _a33321 | ||
| 999 |
_c33321 _d33321 |
||